[Event "4NCL Division 1 & 2"]
[Site "Daventry, ENG"]
[Date "2022.02.13"]
[Round "4.45"]
[White "Pert, Richard G"]
[Black "Nataraj, Nakul"]
[Result "1-0"]
[WhiteElo "2415"]
[BlackElo "2115"]
[PlyCount "65"]
[EventDate "2022.02.13"]
[WhiteTeam "Cheddleton"]
[BlackTeam "Oxford 1"]

1. e4 e6 2. d4 d5 3. Nd2 Nf6 4. e5 Nfd7 5. Ngf3 c5 6. c3 Nc6 7. Bd3 Be7 8. O-O
O-O 9. Re1 f6 10. exf6 Bxf6 11. Rxe6 cxd4 12. cxd4 Nxd4 13. Nxd4 Bxd4 14. Nf3
Nc5 15. Re1 Bf6 16. h3 b6 17. Bf1 Bb7 18. Be3 Qd6 19. Bd4 Rad8 20. Rc1 Ne6 21.
Bxf6 Rxf6 22. Nd4 Nxd4 23. Qxd4 Rf4 24. Qe3 Re4 25. Qb3 Kh8 26. Rxe4 dxe4 27.
Qf7 Bd5 28. Qxa7 e3 29. fxe3 Qg3 30. Qe7 Rg8 31. b3 b5 32. Rd1 Bc6 33. Rd8 1-0

[Event "4NCL Division 1 & 2"]
[Site "Daventry, ENG"]
[Date "2022.02.13"]
[Round "4.51"]
[White "Wall, Gavin"]
[Black "Roberson, Peter T"]
[Result "1/2-1/2"]
[WhiteElo "2312"]
[BlackElo "2425"]
[PlyCount "84"]
[EventDate "2022.02.13"]
[WhiteTeam "Gonzaga"]
[BlackTeam "The Sharks 1"]

1. e4 e6 2. d4 d5 3. e5 c5 4. c3 Nc6 5. Nf3 Bd7 6. a3 Nge7 7. Bd3 cxd4 8. cxd4
Qb6 9. Bc2 g5 10. h3 Nf5 11. Bxf5 exf5 12. Nc3 h6 13. Nxd5 Qa5+ 14. Nc3 O-O-O
15. Be3 f4 16. Bd2 Be6 17. Qc2 Kb8 18. Qe4 Ne7 19. O-O Qa6 20. Rfd1 Rg8 21. d5
Bf5 22. Qe2 Bd3 23. Qe1 Nxd5 24. Nxd5 Rxd5 25. Bb4 Bxb4 26. Qxb4 Rgd8 27. h4
Qg6 28. hxg5 hxg5 29. Ne1 Bb5 30. Rxd5 Rxd5 31. Qf8+ Kc7 32. Nf3 Bc6 33. Qe7+
Rd7 34. Qxg5 Bxf3 35. Qxg6 fxg6 36. gxf3 Rd2 37. Rc1+ Kd7 38. Rc4 Rxb2 39. Rxf4
Ke6 40. Rf6+ Kxe5 41. Rxg6 Rb3 42. Rg7 Rxf3 1/2-1/2

[Event "4NCL Division 1 & 2"]
[Site "Daventry, ENG"]
[Date "2022.02.13"]
[Round "4.52"]
[White "Moreby, James"]
[Black "Delaney, Killian"]
[Result "1/2-1/2"]
[WhiteElo "2416"]
[BlackElo "2292"]
[PlyCount "23"]
[EventDate "2022.02.13"]
[WhiteTeam "The Sharks 1"]
[BlackTeam "Gonzaga"]

1. Nf3 c5 2. c4 e6 3. Nc3 d5 4. cxd5 exd5 5. d4 Nc6 6. g3 Nf6 7. Bg2 cxd4 8.
Nxd4 Bc5 9. Nb3 Bb6 10. O-O d4 11. Na4 O-O 12. Bg5 1/2-1/2

[Event "4NCL Division 1 & 2"]
[Site "Daventry, ENG"]
[Date "2022.02.13"]
[Round "4.56"]
[White "Dong, Bao Nghia"]
[Black "Murray, David"]
[Result "1-0"]
[WhiteElo "2332"]
[BlackElo "2108"]
[PlyCount "85"]
[EventDate "2022.02.13"]
[WhiteTeam "The Sharks 1"]
[BlackTeam "Gonzaga"]

1. c4 Nf6 2. Nc3 c5 3. g3 Nc6 4. Bg2 e6 5. Nf3 Be7 6. O-O O-O 7. a3 a6 8. d4
cxd4 9. Nxd4 Qc7 10. b4 Ne5 11. c5 Rd8 12. Nf3 Nxf3+ 13. Bxf3 d6 14. cxd6 Bxd6
15. Qb3 Bd7 16. Bg5 Bc6 17. Rac1 Bxf3 18. exf3 Be7 19. Nd5 Qd6 20. Bxf6 gxf6
21. Ne3 b5 22. Qc3 Qd3 23. Qa1 a5 24. Rc7 Qd6 25. Qc1 Rd7 26. Rc5 axb4 27. axb4
Qb6 28. Rh5 Rc7 29. Qb1 f5 30. g4 Qc6 31. Rh3 Bf6 32. gxf5 Ra1 33. Qd3 Rd7 34.
Qe2 Rxf1+ 35. Kxf1 Rd4 36. Nc2 Rc4 37. Qd2 Rxc2 38. Qh6 Bg7 39. Rg3 Rc1+ 40.
Kg2 Kf8 41. Qxg7+ Ke8 42. Qg8+ Ke7 43. f6+ 1-0

[Event "4NCL Division 1 & 2"]
[Site "Daventry, ENG"]
[Date "2022.02.13"]
[Round "4.62"]
[White "Willow, Jonah B"]
[Black "Villiers, Thomas"]
[Result "1-0"]
[WhiteElo "2365"]
[BlackElo "2277"]
[PlyCount "119"]
[EventDate "2022.02.13"]
[WhiteTeam "Wood Green Youth"]
[BlackTeam "Barnet Knights A"]

1. e4 c5 2. Nf3 d6 3. d4 cxd4 4. Nxd4 Nf6 5. Nc3 a6 6. h3 b5 7. g4 Bb7 8. Bg2
e6 9. g5 Nfd7 10. a3 Be7 11. h4 Qc7 12. h5 Nc6 13. Nxc6 Bxc6 14. Qe2 O-O 15.
O-O Rac8 16. f4 d5 17. exd5 Bc5+ 18. Kh2 exd5 19. Bxd5 Rfe8 20. Qf3 Nb6 21.
Bxc6 Qxc6 22. Qxc6 Rxc6 23. Rd1 Nc4 24. Kg3 Rce6 25. Nd5 Re1 26. Rxe1 Rxe1 27.
b3 Nd6 28. Bb2 Re2 29. h6 Bd4 30. Bxd4 Nf5+ 31. Kg4 Nxd4 32. Rd1 Ne6 33. f5
Re4+ 34. Kg3 Rd4 35. Rxd4 Nxd4 36. Ne7+ Kf8 37. hxg7+ Kxg7 38. f6+ Kf8 39. a4
Nxc2 40. a5 Nd4 41. b4 Ke8 42. Kg4 Kd7 43. Kh5 Nc2 44. Kh6 Nxb4 45. Kxh7 Nd3
46. g6 fxg6 47. f7 Kxe7 48. Kg7 Ke6 49. f8=Q Kd5 50. Qa8+ Kd4 51. Qxa6 b4 52.
Qb6+ Kc3 53. a6 b3 54. a7 b2 55. a8=Q Kc2 56. Qac6+ Kd1 57. Qb3+ Ke2 58. Qe4+
Kf2 59. Qc2+ Kf1 60. Qh1# 1-0

[Event "4NCL Division 1 & 2"]
[Site "Daventry, ENG"]
[Date "2022.02.13"]
[Round "4.63"]
[White "Smith, Andrew Philip"]
[Black "Toma, Katarzyna"]
[Result "0-1"]
[WhiteElo "2226"]
[BlackElo "2420"]
[PlyCount "64"]
[EventDate "2022.02.13"]
[WhiteTeam "Barnet Knights A"]
[BlackTeam "Wood Green Youth"]

1. e4 c5 2. Nf3 d6 3. d4 cxd4 4. Nxd4 Nf6 5. Nc3 a6 6. Bg5 e6 7. Qf3 Nbd7 8.
O-O-O Qc7 9. Qg3 b5 10. a3 Bb7 11. Bd3 Rc8 12. Rhe1 Be7 13. Nd5 exd5 14. exd5
Ne5 15. Nf5 Nh5 16. Nxg7+ Nxg7 17. Bxe7 Qxe7 18. Kb1 Nh5 19. Qe3 Qf6 20. Qb6
Ba8 21. g4 Nf4 22. Bf5 Rd8 23. Qd4 Ng2 24. Rg1 Nh4 25. Be4 Nhg6 26. Bxg6 hxg6
27. g5 Qf5 28. f4 Rxh2 29. fxe5 dxe5 30. Rge1 Rxd5 31. Qc3 Rxd1+ 32. Rxd1 Rh1
0-1

[Event "4NCL Division 1 & 2"]
[Site "Daventry, ENG"]
[Date "2022.02.13"]
[Round "4.71"]
[White "Price, Gwilym"]
[Black "Gormally, Daniel W"]
[Result "0-1"]
[WhiteElo "2183"]
[BlackElo "2483"]
[PlyCount "76"]
[EventDate "2022.02.13"]
[WhiteTeam "Guildford Castles"]
[BlackTeam "Blackthorne Russia"]

1. e4 c5 2. Nf3 e6 3. d4 cxd4 4. Nxd4 Nc6 5. Nc3 Qc7 6. Be3 a6 7. Qf3 Nf6 8.
O-O-O Be7 9. Kb1 O-O 10. Be2 b5 11. g4 b4 12. Nxc6 dxc6 13. Na4 c5 14. g5 Nd7
15. Qg3 Qc6 16. b3 Bb7 17. Bd3 a5 18. f4 Ba6 19. Bxa6 Rxa6 20. f5 Bd6 21. Bf4
e5 22. Bc1 Qxe4 23. f6 c4 24. fxg7 Rc8 25. g6 Qxg6 26. Qh3 cxb3 27. axb3 Rxc2
28. Ka1 Qg2 29. Qf5 Rf2 30. Qb1 Qg6 31. Nb2 e4 32. Be3 a4 33. bxa4 Be5 34. Bd4
Qc6 35. Qa2 b3 36. Qa3 Rxb2 37. Qxb2 Rxa4+ 38. Kb1 Bxd4 0-1

[Event "4NCL Division 1 & 2"]
[Site "Daventry, ENG"]
[Date "2022.02.13"]
[Round "4.72"]
[White "Bates, Richard A"]
[Black "Granat, Russell G"]
[Result "1-0"]
[WhiteElo "2444"]
[BlackElo "2173"]
[PlyCount "67"]
[EventDate "2022.02.13"]
[WhiteTeam "Blackthorne Russia"]
[BlackTeam "Guildford Castles"]

1. d4 d5 2. c4 e6 3. Nf3 Nf6 4. g3 g6 5. Bg2 Bg7 6. O-O O-O 7. Qc2 h6 8. b3 b6
9. Ba3 Re8 10. Nc3 Bb7 11. Rfd1 c6 12. Ne5 Nbd7 13. e4 Bf8 14. Bxf8 Nxf8 15.
Qd2 Kg7 16. Qf4 Qe7 17. Rac1 Rac8 18. Re1 dxe4 19. Nxe4 Nxe4 20. Bxe4 Red8 21.
Qe3 f6 22. Nf3 c5 23. Rcd1 Bxe4 24. Qxe4 cxd4 25. Nxd4 Rd6 26. Nb5 Rdc6 27. h4
h5 28. Rd3 a6 29. Nd4 Rd6 30. Red1 Kf7 31. Nf3 Rxd3 32. Rxd3 Nd7 33. Qb7 Nc5
34. Ne5+ 1-0

[Event "4NCL Division 1 & 2"]
[Site "Daventry, ENG"]
[Date "2022.02.13"]
[Round "4.73"]
[White "Golding, James"]
[Black "Ledger, Andrew J"]
[Result "1-0"]
[WhiteElo "2075"]
[BlackElo "2438"]
[PlyCount "69"]
[EventDate "2022.02.13"]
[WhiteTeam "Guildford Castles"]
[BlackTeam "Blackthorne Russia"]

1. d4 Nf6 2. c4 e6 3. Nf3 Bb4+ 4. Bd2 a5 5. g3 d6 6. Bg2 Nbd7 7. O-O e5 8. Bxb4
axb4 9. Qb3 c5 10. e3 O-O 11. Nbd2 Qc7 12. a3 bxa3 13. Rxa3 Rxa3 14. Qxa3 b6
15. Ra1 Bb7 16. Qc3 h6 17. Ra7 Qb8 18. Qa3 Re8 19. Nxe5 dxe5 20. Rxb7 Qd6 21.
d5 e4 22. Qa7 g5 23. Nxe4 Nxe4 24. Rxd7 Qf6 25. Bxe4 Rxe4 26. b3 Qf3 27. Qa8+
Kg7 28. Qa1+ Kg6 29. Rd6+ f6 30. Qb1 Kg7 31. Rd7+ Kf8 32. Qc2 h5 33. d6 h4 34.
Rh7 Kg8 35. d7 1-0

[Event "4NCL Division 1 & 2"]
[Site "Daventry, ENG"]
[Date "2022.02.13"]
[Round "4.74"]
[White "Ansell, Simon T"]
[Black "Punnett, Alan K"]
[Result "1-0"]
[WhiteElo "2432"]
[BlackElo "2032"]
[PlyCount "51"]
[EventDate "2022.02.13"]
[WhiteTeam "Blackthorne Russia"]
[BlackTeam "Guildford Castles"]

1. d4 Nf6 2. Bf4 d5 3. e3 e6 4. Nd2 c5 5. c3 Bd6 6. Bg3 Qc7 7. dxc5 Bxg3 8.
hxg3 Qxc5 9. Ngf3 Nc6 10. Bd3 e5 11. e4 Bg4 12. Qc2 h6 13. b4 Qe7 14. b5 Nb8
15. O-O O-O 16. Rfe1 Nbd7 17. exd5 Nxd5 18. Be4 Qc5 19. c4 Rac8 20. Nb3 Nb4 21.
Nxc5 Nxc2 22. Nxd7 Nxe1 23. Nxf8 Nxf3+ 24. gxf3 Rxc4 25. fxg4 Rxe4 26. Nd7 1-0

[Event "4NCL Division 1 & 2"]
[Site "Daventry, ENG"]
[Date "2022.02.13"]
[Round "4.86"]
[White "Stewart, Ashley"]
[Black "Merriman, James"]
[Result "1/2-1/2"]
[WhiteElo "2062"]
[BlackElo "1861"]
[PlyCount "203"]
[EventDate "2022.02.13"]
[WhiteTeam "Cambridge University 1"]
[BlackTeam "KJCA Kings"]

1. g3 g6 2. Bg2 Bg7 3. c4 c5 4. Nc3 Nc6 5. a3 e6 6. Rb1 Nge7 7. b4 O-O 8. Nf3
cxb4 9. axb4 d5 10. cxd5 exd5 11. b5 Ne5 12. Nxe5 Bxe5 13. d4 Bf6 14. e3 Bf5
15. Ra1 Qd7 16. Ba3 Be6 17. Qb3 Rfd8 18. O-O Nc8 19. Na4 Be7 20. Rfc1 b6 21.
Nc3 Bxa3 22. Rxa3 Ne7 23. Ne2 Rdc8 24. Rca1 Rc7 25. Nf4 Rac8 26. h4 Kg7 27. Bf1
Nf5 28. Ra6 Rb7 29. Nd3 Ne7 30. Qa3 Rcc7 31. Kh2 f6 32. Nf4 Kf7 33. Qb3 Qd6 34.
Bg2 Rd7 35. Rc1 h6 36. Raa1 g5 37. hxg5 hxg5 38. Nxe6 Qxe6 39. Rc3 Rbc7 40.
Rac1 Rxc3 41. Rxc3 f5 42. Qa2 Kg7 43. Ra3 Nc8 44. Qc2 Ne7 45. Rc3 Qd6 46. Bh3
g4 47. Bg2 Rd8 48. Rc7 Rd7 49. Rc3 Rd8 50. Qa2 Rd7 51. Kg1 Kh7 52. Kf1 Qb4 53.
Qb3 Qxb3 54. Rxb3 Rc7 55. Rb1 Kg6 56. Ke1 Kf6 57. Kd2 Ke6 58. Ra1 Nc8 59. Rh1
Ne7 60. Rh6+ Kd7 61. Bf1 Rc8 62. Rf6 Rh8 63. Bd3 Rh5 64. Ke2 Rg5 65. Kf1 Rh5
66. Kg2 Rg5 67. Bc2 Rh5 68. Bb1 Rg5 69. f3 Rh5 70. fxg4 fxg4 71. Bd3 Rg5 72.
Rf4 Ke8 73. Kf2 Nc8 74. Rf6 Ke7 75. Rc6 Kd7 76. Rh6 Ne7 77. Ke2 Rg7 78. Rf6 Rg5
79. Kd2 Rg7 80. Rf4 Nc8 81. Be2 Nd6 82. Rxg4 Ne4+ 83. Kc2 Rxg4 84. Bxg4+ Kd6
85. Bf5 Nxg3 86. Bg6 Ke6 87. Kd2 Kf6 88. Bc2 Ke6 89. Bh7 Nh5 90. Ke2 Nf6 91.
Bd3 Ne8 92. Kf3 Nd6 93. Kf4 Kf6 94. Bf1 Ne4 95. Bh3 Nc3 96. Bf1 Ne4 97. Be2 Nc3
98. Bd3 Na2 99. Kf3 Nb4 100. Bf1 Na2 101. Kf2 Nc1 102. Ke1 1/2-1/2

[Event "4NCL Division 1 & 2"]
[Site "Daventry, ENG"]
[Date "2022.02.13"]
[Round "4.93"]
[White "Wall, Tim P"]
[Black "Miller, Dominic"]
[Result "1-0"]
[WhiteElo "2281"]
[BlackElo "2130"]
[PlyCount "59"]
[EventDate "2022.02.13"]
[WhiteTeam "Chessable White Rose 2"]
[BlackTeam "Sussex Martlets 1"]

1. d4 Nf6 2. Bg5 d5 3. Bxf6 gxf6 4. c4 dxc4 5. e3 c5 6. d5 Bg7 7. Bxc4 O-O 8.
Nc3 a6 9. a4 f5 10. Nge2 Qd6 11. O-O Nd7 12. Nf4 Ne5 13. Be2 Ng4 14. h3 Nf6 15.
Bd3 Bh6 16. Qf3 Kh8 17. Rfd1 Bd7 18. a5 Rad8 19. Ra3 Rg8 20. Rb3 e5 21. Rb6 Qe7
22. Nh5 Nxh5 23. Qxh5 Bg5 24. h4 e4 25. hxg5 Rxg5 26. Qh6 exd3 27. d6 Rxg2+ 28.
Kxg2 Rg8+ 29. Kf1 Qe5 30. Qf4 1-0

[Event "4NCL Division 1 & 2"]
[Site "Daventry, ENG"]
[Date "2022.02.13"]
[Round "4.104"]
[White "Pedersen, Carsten"]
[Black "Henderson, David"]
[Result "0-1"]
[WhiteElo "2096"]
[BlackElo "2108"]
[PlyCount "128"]
[EventDate "2022.02.13"]
[WhiteTeam "Celtic Tigers 1"]
[BlackTeam "North East England"]

1. e4 e5 2. Nc3 Nf6 3. Bc4 Nc6 4. d3 Na5 5. Bb3 Nxb3 6. axb3 d5 7. exd5 Nxd5 8.
Qh5 Nb4 9. Qxe5+ Be7 10. Qe2 O-O 11. Qd1 Bg4 12. Nge2 Qd7 13. Be3 Rfe8 14. O-O
c5 15. Qd2 b6 16. Rae1 Rad8 17. Ng3 Bd6 18. Nge4 Bb8 19. Bg5 Rc8 20. Ng3 f6 21.
Rxe8+ Rxe8 22. Be3 h5 23. f3 h4 24. Nge2 Bf5 25. Bf4 Bxf4 26. Nxf4 Nxc2 27.
Qxc2 Qd4+ 28. Qf2 Qxf4 29. Re1 Rxe1+ 30. Qxe1 Bxd3 31. Qe8+ Kh7 32. h3 Bg6 33.
Qe1 Bc2 34. Qe8 Bg6 35. Qe1 Kh6 36. Qd1 Qd4+ 37. Qxd4 cxd4 38. Nb5 d3 39. Kf2
Kg5 40. Ke3 d2 41. f4+ Kh5 42. Nc3 Bc2 43. Kxd2 Bxb3 44. Ke3 Bc4 45. Ke4 Ba6
46. Kf3 Bb7+ 47. Kf2 Bc6 48. Nd1 Kg6 49. Ne3 Be4 50. Ke2 Kf7 51. Kd2 Ke6 52.
Kc3 Kd6 53. Kd4 Bb1 54. Nf1 Ke6 55. Ne3 g5 56. fxg5 fxg5 57. Nc4 Ba2 58. Ne3 a5
59. Ke4 Bb3 60. Kd4 Ba2 61. Ke4 b5 62. Kd4 b4 63. Kc5 Ke5 64. Kb5 Kf4 0-1

[Event "4NCL Division 1 & 2"]
[Site "Daventry, ENG"]
[Date "2022.02.13"]
[Round "4.111"]
[White "Pitcher, John"]
[Black "Berry, Neil"]
[Result "0-1"]
[WhiteElo "2292"]
[BlackElo "2267"]
[PlyCount "108"]
[EventDate "2022.02.13"]
[WhiteTeam "Warwickshire Select 1"]
[BlackTeam "Alba"]

1. e4 e5 2. Bc4 Nf6 3. d3 Nc6 4. Nc3 Bb4 5. Nge2 d5 6. exd5 Nxd5 7. O-O Be6 8.
Bxd5 Bxd5 9. f4 f6 10. f5 Bf7 11. Ne4 Qd7 12. Be3 O-O-O 13. Nc1 Ba5 14. Nb3 Bb6
15. Nbc5 Bxc5 16. Nxc5 Qd6 17. Kh1 h5 18. a3 Nd4 19. Ne4 Qc6 20. Bxd4 Rxd4 21.
Qe2 Bd5 22. c3 Rxe4 23. dxe4 Bc4 24. Qf3 Bxf1 25. Rxf1 Rd8 26. Re1 Qb5 27. Qf2
b6 28. h3 a5 29. Kh2 a4 30. Re2 Qd3 31. Re3 Qd2 32. Re2 Qd3 33. Re3 Qd2 34. Re2
Qd1 35. Kg3 Rd3+ 36. Kh2 Kb7 37. c4 Rd4 38. Rc2 Qd3 39. c5 Qxe4 40. Rc3 Qf4+
41. Qxf4 Rxf4 42. c6+ Ka6 43. Rg3 Kb5 44. Rxg7 Kxc6 45. g4 hxg4 46. hxg4 e4 47.
Kg3 Rf3+ 48. Kg2 Kd6 49. Rf7 Ke5 50. Rxc7 Rb3 51. Re7+ Kf4 52. g5 Rxb2+ 53. Kg1
Kxg5 54. Rxe4 b5 0-1

[Event "4NCL Division 1 & 2"]
[Site "Daventry, ENG"]
[Date "2022.02.13"]
[Round "4.112"]
[White "McKay, Roderick M"]
[Black "Mason, Donald J"]
[Result "1-0"]
[WhiteElo "2208"]
[BlackElo "2157"]
[PlyCount "79"]
[EventDate "2022.02.13"]
[WhiteTeam "Alba"]
[BlackTeam "Warwickshire Select 1"]

1. d4 Nf6 2. c4 g6 3. f3 Bg7 4. e4 O-O 5. Nc3 d6 6. Bg5 c5 7. d5 e6 8. Qd2 exd5
9. cxd5 a6 10. a4 Nbd7 11. Nh3 Re8 12. Nf2 Qe7 13. Be2 Qf8 14. O-O h5 15. Rab1
Nh7 16. Be3 f5 17. Kh1 b6 18. Nfd1 Be5 19. exf5 gxf5 20. f4 Bg7 21. Bxh5 Re7
22. Bg1 Nhf6 23. Bf3 Bh6 24. b4 Ne5 25. bxc5 bxc5 26. g3 Nxf3 27. Rxf3 Ne4 28.
Qg2 Bg7 29. Nxe4 fxe4 30. Rf1 Bg4 31. Ne3 Bf3 32. Rxf3 exf3 33. Qxf3 Rb8 34.
Rxb8 Qxb8 35. Nf5 Re1 36. Qg4 Qb7 37. Kg2 Qb2+ 38. Kh3 Rxg1 39. Ne7+ Kh7 40.
Qh5+ 1-0

[Event "4NCL Division 1 & 2"]
[Site "Daventry, ENG"]
[Date "2022.02.13"]
[Round "4.113"]
[White "Brooks, Phil J"]
[Black "Olson, Hamish"]
[Result "1/2-1/2"]
[WhiteElo "2165"]
[BlackElo "2296"]
[PlyCount "90"]
[EventDate "2022.02.13"]
[WhiteTeam "Warwickshire Select 1"]
[BlackTeam "Alba"]

1. d4 d5 2. c4 e6 3. Nc3 Nf6 4. cxd5 exd5 5. Bg5 c6 6. e3 h6 7. Bh4 Be7 8. Bd3
O-O 9. Nge2 Re8 10. O-O Nbd7 11. Qc2 Nh5 12. Bxe7 Qxe7 13. Rfe1 Nhf6 14. Rad1
h5 15. Ng3 Nb6 16. f3 h4 17. Nf1 Bd7 18. Qf2 Nh7 19. e4 dxe4 20. Rxe4 Qd8 21.
Rxh4 Nf8 22. Re4 Re6 23. Ng3 Rh6 24. Re5 Be6 25. Rh5 Rxh5 26. Nxh5 Qg5 27. Ng3
a5 28. Nge4 Qe7 29. Nc5 Nd5 30. Nxe6 Nxe6 31. Nxd5 cxd5 32. Bf5 Rc8 33. Bxe6
fxe6 34. a3 Rc4 35. h3 a4 36. Qe3 Qf6 37. Rd2 Kf7 38. f4 b5 39. Kh2 g6 40. Qe5
Qxe5 41. fxe5 Kg7 42. Kg3 Kh6 43. Kg4 b4 44. axb4 Rxb4 45. Kh4 Rb3 1/2-1/2

[Event "4NCL Division 1 & 2"]
[Site "Daventry, ENG"]
[Date "2022.02.13"]
[Round "4.114"]
[White "Morrison, Graham"]
[Black "Holt, Philip J"]
[Result "1/2-1/2"]
[WhiteElo "2258"]
[BlackElo "2165"]
[PlyCount "83"]
[EventDate "2022.02.13"]
[WhiteTeam "Alba"]
[BlackTeam "Warwickshire Select 1"]

1. d4 g6 2. e4 d6 3. c4 Bg7 4. Nf3 Nd7 5. Be2 e5 6. Nc3 c6 7. O-O Ngf6 8. Re1
O-O 9. Bf1 h6 10. d5 c5 11. g3 Nh7 12. Qc2 f5 13. Nh4 Qf6 14. exf5 gxf5 15. f4
e4 16. Nd1 b5 17. Ne3 Nb6 18. cxb5 Qf7 19. Kh1 Bd4 20. Nc4 Qf6 21. Nxb6 axb6
22. a4 Rf7 23. Rb1 Rg7 24. Bc4 Nf8 25. Be3 Ng6 26. Nxg6 Qxg6 27. b3 Bd7 28. Qf2
Qf6 29. Red1 Bxe3 30. Qxe3 Be8 31. Rd2 Kh8 32. Rg1 Bh5 33. h3 Bf3+ 34. Kh2 h5
35. Be2 Bxe2 36. Qxe2 Rh7 37. Qe3 Rc7 38. Rc1 Rg7 39. Qc3 Qg6 40. Rg1 Kh7 41.
Rgg2 Qf7 42. Kg1 1/2-1/2

[Event "4NCL Division 1 & 2"]
[Site "Daventry, ENG"]
[Date "2022.02.13"]
[Round "4.115"]
[White "Page, Mark E"]
[Black "Burnett, Andrew"]
[Result "1/2-1/2"]
[WhiteElo "2115"]
[BlackElo "2176"]
[PlyCount "88"]
[EventDate "2022.02.13"]
[WhiteTeam "Warwickshire Select 1"]
[BlackTeam "Alba"]

1. e4 c5 2. Nf3 d6 3. Bb5+ Nd7 4. d4 cxd4 5. Qxd4 e5 6. Qd3 a6 7. Bxd7+ Bxd7 8.
Nc3 h6 9. Nd2 Nf6 10. Nc4 Be6 11. Ne3 Be7 12. O-O O-O 13. Rd1 Rc8 14. Bd2 b5
15. a4 Qb6 16. axb5 axb5 17. Ncd5 Nxd5 18. exd5 Bd7 19. Nf5 Bg5 20. Bxg5 hxg5
21. Ne7+ Kh8 22. Qf3 g4 23. Qg3 g6 24. Nxc8 Rxc8 25. c3 Kg7 26. Qe3 Qd8 27. Ra7
f5 28. Rb7 Rc5 29. b4 f4 30. Qe2 Rc7 31. Rxc7 Qxc7 32. Ra1 Kf6 33. Qd2 Qc4 34.
g3 g5 35. Ra6 Ke7 36. gxf4 gxf4 37. Ra7 Qe4 38. Qd1 g3 39. hxg3 fxg3 40. Qd2
gxf2+ 41. Kxf2 Qh4+ 42. Ke2 Qh2+ 43. Kd3 Qh7+ 44. Ke2 Qh2+ 1/2-1/2

[Event "4NCL Division 1 & 2"]
[Site "Daventry, ENG"]
[Date "2022.02.13"]
[Round "4.116"]
[White "Schwartz, Julius"]
[Black "Paterson, Andrew I"]
[Result "1-0"]
[WhiteElo "2088"]
[BlackElo "2163"]
[PlyCount "59"]
[EventDate "2022.02.13"]
[WhiteTeam "Alba"]
[BlackTeam "Warwickshire Select 1"]

1. e4 Nf6 2. e5 Nd5 3. d4 e6 4. Nf3 d6 5. c3 dxe5 6. dxe5 Nc6 7. Bd3 f5 8. exf6
Nxf6 9. Qe2 Bd6 10. Nbd2 O-O 11. Ne4 e5 12. Nfg5 Bf5 13. Bc4+ Kh8 14. Ng3 Qd7
15. Bd3 Bg6 16. h4 Qg4 17. h5 Qxe2+ 18. Kxe2 Be8 19. h6 Bg6 20. hxg7+ Kxg7 21.
Ne6+ Kh8 22. Nxf8 Rxf8 23. Bh6 Re8 24. Bg5 Kg7 25. Bxf6+ Kxf6 26. Bb5 e4 27.
Rh4 e3 28. Ne4+ Ke5 29. Bxc6 bxc6 30. Nxd6 1-0

[Event "4NCL Division 1 & 2"]
[Site "Daventry, ENG"]
[Date "2022.02.13"]
[Round "4.117"]
[White "Green, Anthony J"]
[Black "White, Stuart A"]
[Result "1/2-1/2"]
[WhiteElo "1942"]
[BlackElo "2041"]
[PlyCount "61"]
[EventDate "2022.02.13"]
[WhiteTeam "Warwickshire Select 1"]
[BlackTeam "Alba"]

1. d4 d5 2. c4 c6 3. Nc3 Nf6 4. e3 e6 5. Nf3 Nbd7 6. b3 Bd6 7. Be2 O-O 8. Bb2
b6 9. O-O Bb7 10. Qc2 Qe7 11. e4 dxe4 12. Nxe4 Nxe4 13. Qxe4 f5 14. Qc2 c5 15.
Rfe1 Be4 16. Qd2 cxd4 17. Nxd4 Bb4 18. Bc3 Bxc3 19. Qxc3 e5 20. Nf3 Rad8 21.
Rad1 Bb7 22. Bf1 e4 23. Nd4 f4 24. c5 Nxc5 25. Bc4+ Kh8 26. b4 Na6 27. Bxa6
Bxa6 28. Nc6 Qc7 29. Rc1 Rc8 30. Rxe4 Qf7 31. Qe1 1/2-1/2

[Event "4NCL Division 1 & 2"]
[Site "Daventry, ENG"]
[Date "2022.02.13"]
[Round "4.118"]
[White "Gordon, Frederick"]
[Black "Shearsby, Jude"]
[Result "1/2-1/2"]
[WhiteElo "1853"]
[BlackElo "2004"]
[PlyCount "106"]
[EventDate "2022.02.13"]
[WhiteTeam "Alba"]
[BlackTeam "Warwickshire Select 1"]

1. e4 c5 2. Nf3 d6 3. Bb5+ Nd7 4. c3 Ngf6 5. Bd3 g6 6. Bc2 Bg7 7. d4 O-O 8. a4
e5 9. O-O cxd4 10. cxd4 exd4 11. Nxd4 Nc5 12. Nc3 Re8 13. Bg5 h6 14. Bxf6 Bxf6
15. Ndb5 Be6 16. Qxd6 Qxd6 17. Nxd6 Red8 18. Rad1 Be5 19. Ncb5 a6 20. Nc7 Rab8
21. Nxe6 Nxe6 22. Nc4 Bd4 23. a5 Rbc8 24. b3 Bc3 25. Nb6 Rc6 26. Nd5 Kg7 27. b4
Be5 28. Ba4 Rc4 29. f4 Bd4+ 30. Kh1 Ba7 31. Rfe1 Nc5 32. bxc5 Rxa4 33. Rb1 Bxc5
34. Rxb7 Bf2 35. Rf1 Rxe4 36. Rbb1 Rxd5 37. Rxf2 Rxa5 38. g3 Ra3 39. Rbb2 Re8
40. Rfc2 Re7 41. Rb6 Ra7 42. Rcb2 a5 43. Rb7 Rxb7 44. Rxb7 Ra2 45. Rb6 a4 46.
Ra6 g5 47. fxg5 hxg5 48. g4 a3 49. h3 Ra1+ 50. Kg2 a2 51. Kh2 Kf8 52. Ra7 Kg7
53. Ra6 Kf8 1/2-1/2

[Event "4NCL Division 1 & 2"]
[Site "Daventry, ENG"]
[Date "2022.02.13"]
[Round "4.121"]
[White "Bin-Suhayl, Ieysaa"]
[Black "Walker, Martin G"]
[Result "1-0"]
[WhiteElo "2256"]
[BlackElo "2287"]
[PlyCount "81"]
[EventDate "2022.02.13"]
[WhiteTeam "Manchester Manticores 1"]
[BlackTeam "Anglian Avengers"]

1. d4 Nf6 2. c4 g6 3. g3 Bg7 4. Bg2 d5 5. cxd5 Nxd5 6. Nf3 O-O 7. O-O c5 8. e4
Nb6 9. d5 e6 10. Nc3 exd5 11. exd5 Na6 12. Bg5 Qd6 13. Re1 f6 14. Be3 Bg4 15.
h3 Bxf3 16. Bxf3 Kh8 17. Bf4 Qd7 18. Re6 Nc4 19. Be2 Ne5 20. Bb5 Qc8 21. Bxe5
fxe5 22. Bxa6 bxa6 23. Ne4 Rb8 24. b3 Rb4 25. Qe2 Rd4 26. Rd1 Rxd5 27. Rxd5
Qxe6 28. Rd6 Qxh3 29. Qxa6 Qf5 30. Qb7 Qf3 31. Rd7 Qe2 32. Rf7 Qh5 33. Nxc5
Rxf7 34. Qxf7 Qf5 35. Qxa7 h5 36. Qa8+ Kh7 37. Qe4 Qc8 38. b4 Bf8 39. Qxe5 h4
40. Ne6 Qc1+ 41. Kg2 1-0

[Event "4NCL Division 1 & 2"]
[Site "Daventry, ENG"]
[Date "2022.02.13"]
[Round "4.122"]
[White "Kanellopoulos, Panayotis"]
[Black "Newton, Robert A"]
[Result "1/2-1/2"]
[WhiteElo "2266"]
[BlackElo "1972"]
[PlyCount "156"]
[EventDate "2022.02.13"]
[WhiteTeam "Anglian Avengers"]
[BlackTeam "Manchester Manticores 1"]

1. c4 c5 2. g3 Nc6 3. Bg2 g6 4. Nc3 Bg7 5. Nf3 d6 6. O-O e6 7. e3 Nge7 8. d4
cxd4 9. exd4 O-O 10. Re1 d5 11. cxd5 Nxd5 12. Nxd5 exd5 13. Ne5 Be6 14. b3 Rc8
15. h4 Nxe5 16. dxe5 h5 17. Bg5 Qa5 18. Qd4 Rc2 19. b4 Qb6 20. Be3 Qxd4 21.
Bxd4 b6 22. Bf1 Bf5 23. Ba6 Be4 24. a4 Bh6 25. a5 Bd2 26. Red1 Bxb4 27. axb6
axb6 28. Bxb6 Bc3 29. Rac1 Rxc1 30. Rxc1 Bxe5 31. f4 Bb2 32. Rd1 Rb8 33. Bf2
Ra8 34. Bb7 Ra1 35. Rxa1 Bxa1 36. Bc5 Kg7 37. Kf2 f6 38. Bc6 Kf7 39. Ke2 Bc3
40. Bb7 Ke8 41. Bc6+ Kd8 42. Bb6+ Ke7 43. Bc5+ Ke6 44. Kf2 Bc2 45. Ke2 d4 46.
Bb5 d3+ 47. Bxd3 Bxd3+ 48. Kxd3 Be1 49. Ke2 Bxg3 50. Kf3 Bxh4 51. Bb4 Kf5 52.
Ba5 g5 53. fxg5 fxg5 54. Kg2 g4 55. Bc7 Ke4 56. Bd6 Be1 57. Bc7 h4 58. Bd6 h3+
59. Kh1 Kf3 60. Bh2 Bf2 61. Bd6 Bg3 62. Be7 Bf4 63. Bh4 Ke2 64. Bf2 Kf1 65. Bg3
Bg5 66. Kh2 Be3 67. Kh1 Bg1 68. Be5 Be3 69. Bg3 Ke2 70. Be5 Kf3 71. Bg3 Bf2 72.
Bd6 Bg3 73. Be7 Bc7 74. Bh4 Ke2 75. Bf2 Kf1 76. Bh4 Ba5 77. Bg3 Bd8 78. Kh2 Ke2
1/2-1/2

[Event "4NCL Division 1 & 2"]
[Site "Daventry, ENG"]
[Date "2022.02.13"]
[Round "4.123"]
[White "Mulleady, Peter J"]
[Black "Maycock Bates, David Henry"]
[Result "0-1"]
[WhiteElo "1991"]
[BlackElo "2171"]
[PlyCount "84"]
[EventDate "2022.02.13"]
[WhiteTeam "Manchester Manticores 1"]
[BlackTeam "Anglian Avengers"]

1. e4 e5 2. Nf3 Nc6 3. Bc4 Bc5 4. c3 Nf6 5. d4 exd4 6. cxd4 Bb4+ 7. Bd2 Nxe4 8.
Bxb4 Nxb4 9. Bxf7+ Kxf7 10. Qb3+ Kf8 11. Qxb4+ Qe7 12. Qxe7+ Kxe7 13. Nc3 Nxc3
14. bxc3 d6 15. O-O Bg4 16. Rfe1+ Kd7 17. Re3 Rae8 18. Rae1 Bxf3 19. gxf3 Rhf8
20. Kg2 b5 21. d5 a5 22. Kg3 Rxe3 23. fxe3 Rf5 24. e4 Rg5+ 25. Kf2 Rh5 26. Kg3
Rg5+ 27. Kf2 c6 28. dxc6+ Kxc6 29. f4 Rc5 30. Re3 Rc4 31. h4 Ra4 32. Re2 Rc4
33. Re3 Ra4 34. Re2 d5 35. exd5+ Kxd5 36. Kf3 Ra3 37. h5 b4 38. f5 bxc3 39. Kf4
Ra4+ 40. Kg5 h6+ 41. Kg6 Rg4+ 42. Kf7 Rg5 0-1